| 000 | 00612nam a2200205 4500 | ||
|---|---|---|---|
| 003 | OSt | ||
| 005 | 20140917190658.0 | ||
| 008 | 140917b xxu||||| |||| 00| 0 eng d | ||
| 020 | _a0333789865 | ||
| 040 | _c040a | ||
| 082 |
_220 _a320 _bK583d 2000 |
||
| 245 |
_aDemobilization in sub-saharan Africa : _bthe development and security impacts / _cKees Kingma |
||
| 260 |
_aLondon _bMacmillan press _c2000 |
||
| 300 |
_axvii,268 p; _bill : _c8 cm. |
||
| 440 |
_aInternational political economy series _9970 |
||
| 504 | _aincludes index | ||
| 650 |
_aAfrica _91168 |
||
| 700 |
_aKingma, Kees _91169 |
||
| 942 |
_2ddc _cSLOAN |
||
| 999 |
_c442 _d442 |
||